The Ina's Secret Service In southeast Asia: (Record no. 187652)
[ view plain ]
| 000 -LEADER | |
|---|---|
| fixed length control field | 00624nam a22001817a 4500 |
| 005 - DATE AND TIME OF LATEST TRANSACTION | |
| control field | 20220427112502.0 |
| 010 ## - LCCN (DPL NO) | |
| LC control number | ENG-132416 |
| 020 ## - INTERNATIONAL STANDARD BOOK NUMBER | |
| International Standard Book Number | 9788187891420 |
| Terms of availability | 595.00 |
| 035 ## - SYSTEM CONTROL NUMBER | |
| System control number | EN-115948 |
| 037 ## - SOURCE OF ACQUISITION | |
| Source of stock number/acquisition | DBAD/PUB |
| 082 ## - DEWEY DECIMAL CLASSIFICATION NUMBER | |
| Classification number | 940.548654 |
| 100 ## - MAIN ENTRY--PERSONAL NAME | |
| Personal name | Chattopadhyay, Tapan |
| 245 ## - TITLE STATEMENT | |
| Title | The Ina's Secret Service In southeast Asia: |
| Remainder of title | Its Background, infrastructure, Resources and Activities During world War II/ |
| Statement of responsibility, etc | Tapan Chattopadhyay |
| 260 ## - PUBLICATION, DISTRIBUTION, ETC. (IMPRINT) | |
| Place of publication, distribution, etc | Kolkata |
| Name of publisher, distributor, etc | Tandrita Chandra |
| Date of publication, distribution, etc | 2011 |
| 270 ## - ADDRESS | |
| Address | 59/A, Garfa Main Road |
| City | Kolkata |
| Postal code | 700075 |
| 300 ## - PHYSICAL DESCRIPTION | |
| Extent | 280p. |
| Dimensions | 24cm(hbk) |
| 942 ## - ADDED ENTRY ELEMENTS (KOHA) | |
| Source of classification or shelving scheme | Dewey Decimal Classification |
| Item type | English Books |
| Classification part | 940.548654 |
| Call number suffix | CHA |
| Withdrawn status | Lost status | Not for loan | Collection code | Home library | Current library | Date acquired | Source of acquisition | Cost, normal purchase price | Full call number | Barcode | Copy number | Cost, replacement price | Koha item type |
|---|---|---|---|---|---|---|---|---|---|---|---|---|---|
| Non-fiction | Bawana | Bawana | 27/04/2022 | DBAD/PUB | 595.00 | 940.548654 CHA | EN-115948 | 1 | 595.00 | English Books |
